000 01018cam a22002771 4500
001 10344
003 BD-RjUL
005 20211208234934.0
008 140123s1953 nyua b 100 0 eng d
035 _a(BD-RjUL)10392
035 _a(OCoLC)2826478
040 _aDLC
_cOClW-H
_dOClW-H
_dOCoLC
_dDLC
_d(BD-RjUL)
_beng
041 _aeng
082 0 0 _a611.0182
_bNAT
110 2 _aFaraday Society.
_931971
245 1 0 _aNature and structure of collagen /
_bPapers presented for a discussion convened by the Colloid and Biophysics Committee of the Faraday Society at King's College, London, on 26 and 27 March, 1953 /
_cedited by J.T. Randall, assisted by Sylvia Fitton Jackson.
260 _aNew York :
_bAcademic Press,
_c1953.
300 _aix, 269 p. :
_billus. ;
_c23 cm.
504 _aBibliography: p. 253-264.
650 0 _aConnective tissues.
_931959
650 0 _aCollagen.
_931960
700 1 _aRandall, J. T.
_q(John Turton),
_eed.
_931961
942 _2ddc
_cBK
999 _c10344
_d10344